000 00843nam a2200253 4500
999 _c1477
_d1477
001 1477
003 BD-JhCC
005 20171019201252.0
008 171019s2008 bg a|||| |||| 000 0 mul d
020 _a9844152526
035 _a(BD-JhCC) 1477
040 _aBD-JhCC
_dBD-JhCC
041 _aBengali and English
082 _a303.44
_bMAN 2008
100 _aমাননান, মোঃ আবদুল
245 _aসামাজিক পরিবর্তন ও রাজনৈতিক উন্নয়ন /
_cমোঃ আবদুল মাননান
260 _aঢাকা :
_bঅবসর প্রকাশনী,
_c2008.
300 _a271 p. :
_bill ;
_c21.5 cm.
504 _aIncludes Bibliographical Reference
650 _aSocial Change
650 _aPolitical Development
942 _2ddc
_cBK